| 000 | 00890nam a22002897a 4500 | ||
|---|---|---|---|
| 001 | 5388 | ||
| 003 | FISKH | ||
| 005 | 20241129154822.0 | ||
| 008 | 241129b cb ||||| |||| 00| 0 eng d | ||
| 020 | _a9780439056717 | ||
| 040 |
_aFISKH _beng _cFISKH _dFISKH |
||
| 050 | _aPZ7.W478 | ||
| 082 | _a435 | ||
| 100 | _aWest, Terry M. | ||
| 245 |
_aMoby Dick / _cby Terry M. West : A graphic classic based on the novel by Herman Melville |
||
| 260 |
_aNew York : _bScholastic ; _c1999. |
||
| 300 |
_a51 pages : _bcolor illustrations ; _c20 cm . |
||
| 490 |
_aRead 180 _vStage B |
||
| 505 | _aZ | ||
| 520 | _aA comic book-style retelling of Captain Ahab and the deadly white whale called Moby Dick. | ||
| 521 | 8 |
_a1150
_bLexile |
|
| 521 | 8 |
_aZ
_bRaz-Plus |
|
| 650 |
_aclassics _vFiction |
||
| 700 |
_aDunlavey, Ryan _epenciller |
||
| 942 |
_2ddc _cBK _n0 |
||
| 999 |
_c5388 _d5388 |
||